Sinh lý học thể dục thể thao Giáo trình đào tạo giáo viên THCS hệ CĐSP
vv
Đã lưu trong:
| Tác giả chính: | |
|---|---|
| Định dạng: | Sách |
| Năm xuất bản: |
H.
Giáo dục
1998
|
| Chủ đề: | |
| Tags: |
Thêm thẻ
Không có thẻ, Hãy là người đầu tiên gắn thẻ bản ghi này!
|
| LEADER | 07160nam a2200481 4500 | ||
|---|---|---|---|
| 082 | |a 796.44 |b V500TH | ||
| 100 | |a Vũ Thị Thanh Bình | ||
| 245 | |a Sinh lý học thể dục thể thao |b Giáo trình đào tạo giáo viên THCS hệ CĐSP |c Vũ Thị Thanh Bình, Phạm Lê Phương Nga | ||
| 260 | |a H. |b Giáo dục |c 1998 | ||
| 300 | |a 203 tr. |c 20 cm | ||
| 520 | |a vv | ||
| 653 | |a Thể dục thể thao | ||
| 653 | |a Sinh lý học | ||
| 653 | |a Giáo trình | ||
| 942 | |2 ddc |c STK0 | ||
| 999 | |c 580 |d 580 | ||
| 952 | |0 0 |1 0 |2 ddc |4 0 |6 796_440000000000000_V500TH |7 1 |8 700 |9 13187 |a qbu |b qbu |c D5 |d 2014-11-19 |g 8000 |o 796.44 V500TH |p 2154.C1 |r 0000-00-00 |w 2014-11-19 |y STK0 |0 0 |6 796_440000000000000_V500TH |0 0 |6 796_440000000000000_V500TH | ||
| 952 | |0 0 |1 0 |2 ddc |4 0 |6 796_440000000000000_V500TH |7 0 |8 700 |9 13188 |a qbu |b qbu |c D5 |d 2014-11-19 |g 8000 |o 796.44 V500TH |p 2154.C2 |r 0000-00-00 |w 2014-11-19 |y STK0 |0 0 |6 796_440000000000000_V500TH |0 0 |6 796_440000000000000_V500TH |0 0 |6 796_440000000000000_V500TH | ||
| 952 | |0 0 |1 0 |2 ddc |4 0 |6 796_440000000000000_V500TH |7 0 |8 700 |9 13189 |a qbu |b qbu |c D5 |d 2014-11-19 |g 8000 |o 796.44 V500TH |p 2154.C3 |r 0000-00-00 |w 2014-11-19 |y STK0 |0 0 |6 796_440000000000000_V500TH |0 0 |6 796_440000000000000_V500TH |0 0 |6 796_440000000000000_V500TH | ||
| 952 | |0 0 |1 0 |2 ddc |4 0 |6 796_440000000000000_V500TH |7 0 |8 700 |9 13190 |a qbu |b qbu |c D5 |d 2014-11-19 |g 8000 |o 796.44 V500TH |p 2154.C4 |r 0000-00-00 |w 2014-11-19 |y STK0 |0 0 |6 796_440000000000000_V500TH |0 0 |6 796_440000000000000_V500TH |0 0 |6 796_440000000000000_V500TH | ||
| 952 | |0 0 |1 0 |2 ddc |4 0 |6 796_440000000000000_V500TH |7 0 |8 700 |9 13191 |a qbu |b qbu |c D5 |d 2014-11-19 |g 8000 |o 796.44 V500TH |p 2154.C5 |r 0000-00-00 |w 2014-11-19 |y STK0 |0 0 |6 796_440000000000000_V500TH |0 0 |6 796_440000000000000_V500TH |0 0 |6 796_440000000000000_V500TH | ||
| 952 | |0 0 |1 0 |2 ddc |4 0 |6 796_440000000000000_V500TH |7 0 |8 700 |9 13192 |a qbu |b qbu |c D5 |d 2014-11-19 |g 8000 |o 796.44 V500TH |p 2154.C6 |r 0000-00-00 |w 2014-11-19 |y STK0 |0 0 |6 796_440000000000000_V500TH |0 0 |6 796_440000000000000_V500TH |0 0 |6 796_440000000000000_V500TH | ||
| 952 | |0 0 |1 0 |2 ddc |4 0 |6 796_440000000000000_V500TH |7 0 |8 700 |9 13193 |a qbu |b qbu |c D5 |d 2014-11-19 |g 8000 |o 796.44 V500TH |p 2154.C7 |r 0000-00-00 |w 2014-11-19 |y STK0 |0 0 |6 796_440000000000000_V500TH |0 0 |6 796_440000000000000_V500TH |0 0 |6 796_440000000000000_V500TH | ||
| 952 | |0 0 |1 0 |2 ddc |4 0 |6 796_440000000000000_V500TH |7 0 |8 700 |9 13194 |a qbu |b qbu |c D5 |d 2014-11-19 |g 8000 |o 796.44 V500TH |p 2154.C8 |r 0000-00-00 |w 2014-11-19 |y STK0 |0 0 |6 796_440000000000000_V500TH |0 0 |6 796_440000000000000_V500TH |0 0 |6 796_440000000000000_V500TH | ||
| 952 | |0 0 |1 0 |2 ddc |4 0 |6 796_440000000000000_V500TH |7 0 |8 700 |9 13195 |a qbu |b qbu |c D5 |d 2014-11-19 |g 8000 |o 796.44 V500TH |p 2154.C9 |r 0000-00-00 |w 2014-11-19 |y STK0 |0 0 |6 796_440000000000000_V500TH |0 0 |6 796_440000000000000_V500TH |0 0 |6 796_440000000000000_V500TH | ||
| 952 | |0 0 |1 0 |2 ddc |4 0 |6 796_440000000000000_V500TH |7 0 |8 700 |9 13196 |a qbu |b qbu |c D5 |d 2014-11-19 |g 8000 |o 796.44 V500TH |p 2154.C10 |r 0000-00-00 |w 2014-11-19 |y STK0 |0 0 |6 796_440000000000000_V500TH |0 0 |6 796_440000000000000_V500TH |0 0 |6 796_440000000000000_V500TH | ||
| 952 | |0 0 |1 0 |2 ddc |4 0 |6 796_440000000000000_V500TH |7 0 |8 700 |9 13197 |a qbu |b qbu |c D5 |d 2014-11-19 |g 8000 |o 796.44 V500TH |p 2154.C11 |r 0000-00-00 |w 2014-11-19 |y STK0 |0 0 |6 796_440000000000000_V500TH |0 0 |6 796_440000000000000_V500TH |0 0 |6 796_440000000000000_V500TH | ||
| 952 | |0 0 |1 0 |2 ddc |4 0 |6 796_440000000000000_V500TH |7 0 |8 700 |9 13198 |a qbu |b qbu |c D5 |d 2014-11-19 |g 8000 |o 796.44 V500TH |p 2154.C12 |r 0000-00-00 |w 2014-11-19 |y STK0 |0 0 |6 796_440000000000000_V500TH |0 0 |6 796_440000000000000_V500TH |0 0 |6 796_440000000000000_V500TH | ||
| 952 | |0 0 |1 0 |2 ddc |4 0 |6 796_440000000000000_V500TH |7 0 |8 700 |9 13199 |a qbu |b qbu |c D5 |d 2014-11-19 |g 8000 |o 796.44 V500TH |p 2154.C13 |r 0000-00-00 |w 2014-11-19 |y STK0 |0 0 |6 796_440000000000000_V500TH |0 0 |6 796_440000000000000_V500TH |0 0 |6 796_440000000000000_V500TH | ||
| 952 | |0 0 |1 0 |2 ddc |4 0 |6 796_440000000000000_V500TH |7 0 |8 700 |9 13200 |a qbu |b qbu |c D5 |d 2014-11-19 |g 8000 |o 796.44 V500TH |p 2154.C14 |r 0000-00-00 |w 2014-11-19 |y STK0 |0 0 |6 796_440000000000000_V500TH |0 0 |6 796_440000000000000_V500TH |0 0 |6 796_440000000000000_V500TH | ||
| 952 | |0 0 |1 0 |2 ddc |4 0 |6 796_440000000000000_V500TH |7 0 |8 700 |9 13201 |a qbu |b qbu |c D5 |d 2014-11-19 |g 8000 |o 796.44 V500TH |p 2154.C15 |r 0000-00-00 |w 2014-11-19 |y STK0 |0 0 |6 796_440000000000000_V500TH |0 0 |6 796_440000000000000_V500TH |0 0 |6 796_440000000000000_V500TH | ||
| 952 | |0 0 |1 0 |2 ddc |4 0 |6 796_440000000000000_V500TH |7 0 |8 700 |9 13202 |a qbu |b qbu |c D5 |d 2014-11-19 |g 8000 |o 796.44 V500TH |p 2154.C16 |r 0000-00-00 |w 2014-11-19 |y STK0 |0 0 |6 796_440000000000000_V500TH |0 0 |6 796_440000000000000_V500TH |0 0 |6 796_440000000000000_V500TH | ||
| 952 | |0 0 |1 0 |2 ddc |4 0 |6 796_440000000000000_V500TH |7 0 |8 700 |9 13203 |a qbu |b qbu |c D5 |d 2014-11-19 |g 8000 |o 796.44 V500TH |p 2154.C17 |r 0000-00-00 |w 2014-11-19 |y STK0 |0 0 |6 796_440000000000000_V500TH |0 0 |6 796_440000000000000_V500TH |0 0 |6 796_440000000000000_V500TH | ||
| 952 | |0 0 |1 0 |2 ddc |4 0 |6 796_440000000000000_V500TH |7 0 |8 700 |9 13204 |a qbu |b qbu |c D5 |d 2014-11-19 |g 8000 |o 796.44 V500TH |p 2154.C18 |r 0000-00-00 |w 2014-11-19 |y STK0 |0 0 |6 796_440000000000000_V500TH |0 0 |6 796_440000000000000_V500TH |0 0 |6 796_440000000000000_V500TH | ||
| 952 | |0 0 |1 0 |2 ddc |4 0 |6 796_440000000000000_V500TH |7 0 |8 700 |9 13205 |a qbu |b qbu |c D5 |d 2014-11-19 |g 8000 |o 796.44 V500TH |p 2154.C19 |r 0000-00-00 |w 2014-11-19 |y STK0 |0 0 |6 796_440000000000000_V500TH |0 0 |6 796_440000000000000_V500TH |0 0 |6 796_440000000000000_V500TH | ||
| 952 | |0 0 |1 0 |2 ddc |4 0 |6 796_440000000000000_V500TH |7 0 |8 700 |9 13206 |a qbu |b qbu |c D5 |d 2014-11-19 |g 8000 |o 796.44 V500TH |p 2154.C20 |r 0000-00-00 |w 2014-11-19 |y STK0 |0 0 |6 796_440000000000000_V500TH |0 0 |6 796_440000000000000_V500TH |0 0 |6 796_440000000000000_V500TH | ||
| 952 | |0 0 |1 0 |2 ddc |4 0 |6 796_440000000000000_V500TH |7 0 |8 700 |9 13207 |a qbu |b qbu |c D5 |d 2014-11-19 |g 8000 |o 796.44 V500TH |p 2154.C21 |r 0000-00-00 |w 2014-11-19 |y STK0 |0 0 |6 796_440000000000000_V500TH |0 0 |6 796_440000000000000_V500TH |0 0 |6 796_440000000000000_V500TH | ||
| 952 | |0 0 |1 0 |2 ddc |4 0 |6 796_440000000000000_V500TH |7 0 |8 700 |9 13208 |a qbu |b qbu |c D5 |d 2014-11-19 |g 8000 |o 796.44 V500TH |p 2154.C22 |r 0000-00-00 |w 2014-11-19 |y STK0 |0 0 |6 796_440000000000000_V500TH |0 0 |6 796_440000000000000_V500TH |0 0 |6 796_440000000000000_V500TH | ||
| 952 | |0 0 |1 0 |2 ddc |4 0 |6 796_440000000000000_V500TH |7 0 |8 700 |9 13209 |a qbu |b qbu |c D5 |d 2014-11-19 |g 8000 |o 796.44 V500TH |p 2154.C23 |r 0000-00-00 |w 2014-11-19 |y STK0 |0 0 |6 796_440000000000000_V500TH |0 0 |6 796_440000000000000_V500TH |0 0 |6 796_440000000000000_V500TH | ||
| 952 | |0 0 |1 0 |2 ddc |4 0 |6 796_440000000000000_V500TH |7 0 |8 700 |9 13210 |a qbu |b qbu |c D5 |d 2014-11-19 |g 8000 |o 796.44 V500TH |p 2154.C24 |r 0000-00-00 |w 2014-11-19 |y STK0 |0 0 |6 796_440000000000000_V500TH |0 0 |6 796_440000000000000_V500TH |0 0 |6 796_440000000000000_V500TH | ||
| 952 | |0 0 |1 0 |2 ddc |4 0 |6 796_440000000000000_V500TH |7 0 |8 700 |9 71225 |a qbu |b qbu |c D5 |d 2015-04-21 |g 8000 |o 796.44 V500TH |p 2154.c25 |r 0000-00-00 |w 2015-04-21 |y STK0 |0 0 |6 796_440000000000000_V500TH |0 0 |6 796_440000000000000_V500TH | ||
| 952 | |0 0 |1 0 |2 ddc |4 0 |6 796_440000000000000_V500TH |7 0 |8 700 |9 71226 |a qbu |b qbu |c D5 |d 2015-04-21 |g 8000 |o 796.44 V500TH |p 2154.c26 |r 0000-00-00 |w 2015-04-21 |y STK0 |0 0 |6 796_440000000000000_V500TH |0 0 |6 796_440000000000000_V500TH | ||
| 952 | |0 0 |1 0 |2 ddc |4 0 |6 796_440000000000000_V500TH |7 0 |8 700 |9 71227 |a qbu |b qbu |c D5 |d 2015-04-21 |g 8000 |o 796.44 V500TH |p 2154.c27 |r 0000-00-00 |w 2015-04-21 |y STK0 |0 0 |6 796_440000000000000_V500TH |0 0 |6 796_440000000000000_V500TH | ||